Sanakokkeli - Eläimet - Statistics

Yleistilastot
  • Tätä visaa on pelattu 822 kertaa
  • Keskiarvotulos 12 / 20
Vastaustilastot
Eläin % Oikein
Susi
96%
Poro
91%
Hirvi
89%
Kala
89%
Kukko
89%
Kyy
89%
Aasi
88%
Hai
88%
Majava
88%
Mato
88%
Poni
88%
Kana
87%
Lohi
87%
Delfiini
86%
Hiiri
86%
Lintu
86%
Orava
86%
Rapu
86%
Rotta
86%
Panda
85%
Apina
84%
Karhu
84%
Siili
82%
Vuohi
82%
Laama
81%
Kani
80%
Kenguru
80%
Kettu
80%
Kissa
80%
Lokki
80%
Hanhi
79%
Kotka
79%
Metso
79%
Pingviini
78%
Sorsa
78%
Hevonen
77%
Pukki
76%
Ankka
75%
Marsu
74%
Tikka
74%
Biisoni
73%
Sika
73%
Sonni
73%
Naali
72%
Koira
71%
Peura
71%
Hyeena
70%
Etana
69%
Kirahvi
69%
Kobra
69%
Hauki
68%
Puhveli
68%
Tiikeri
68%
Valas
68%
Elefantti
67%
Paarma
67%
Strutsi
67%
Hylje
66%
Seepra
64%
Jaguaari
63%
Leijona
62%
Ahven
61%
Gerbiili
61%
Haukka
61%
Lisko
61%
Nauta
61%
Fretti
60%
Norppa
60%
Riikinkukko
60%
Varis
60%
Lammas
59%
Hyttynen
58%
Piisami
58%
Sammakko
56%
Simpanssi
56%
Gepardi
55%
Haikara
55%
Hummeri
55%
Saukko
54%
Gorilla
53%
Joutsen
53%
Kojootti
53%
Gaselli
52%
Leopardi
51%
Papukaija
50%
Toukka
49%
Krokotiili
46%
Oinas
44%
Perhonen
44%
Kameli
43%
Muurahainen
40%
Varpunen
40%
Kalkkuna
39%
Meduusa
38%
Torakka
38%
Lepakko
37%
Sopuli
37%
Mangusti
33%
Pesukarhu
33%
Rusakko
33%
Kauris
32%
Silakka
29%
Antilooppi
28%
Kilpikonna
26%
Hamsteri
25%
Ampiainen
18%
Ankerias
18%
Pelikaani
16%
Osteri
15%
Mustekala
7%
Supikoira
7%
Tonnikala
7%
Ehtoja vastaavia visoja ei löytynyt
Tulosjakauma
Jokaisen tuloksen saaneiden osuus
Persentiili vastausten määrän mukaan
Tuloshistoriasi
Et ole pelannut tätä visaa